[Event "Znojmo op-A"]
[Site "Znojmo"]
[Date "1997.??.??"]
[Round "?"]
[White "Vesely, Martin"]
[Black "Vlacil, Vladimir"]
[Result "0-1"]
[WhiteElo "1860"]
[BlackElo "1985"]
[PlyCount "136"]
[EventDate "1997.??.??"]
[Source "ChessBase"]
[SourceDate "1997.11.17"]

1. d4 d5 2. c4 e6 3. Nc3 Nf6 4. cxd5 exd5 5. Bg5 Nbd7 6. Qc2 c6 7. e3 Qa5 8.
Bd3 Bd6 9. Nf3 O-O 10. O-O Re8 11. a3 Qc7 12. Rfc1 a6 13. b4 Qd8 14. Bxh7+ Kh8
15. Bd3 Nf8 16. h3 Ne6 17. Bh4 Rg8 18. Ne5 Qe7 19. Bh7 Rf8 20. Re1 g5 21. Bxg5
Nxg5 22. Bd3 Rg8 23. Kh1 Rg7 24. f4 Nge4 25. Nxe4 Nxe4 26. Bxe4 dxe4 27. Qxe4
Bxe5 28. dxe5 Qh4 29. Re2 Be6 30. Qf3 Bg4 31. Qf2 Qh5 32. Rd2 Rag8 33. Re1 Rh7
34. Qg3 Bf5 35. Qh2 Be4 36. Kg1 Qxh3 37. Qxh3 Rxh3 38. Ree2 Rhg3 39. Rd7 Bxg2
40. Kf2 Bd5 41. Rxb7 Rg1 42. e4 Bc4 43. Rd2 R8g2+ 44. Ke3 Re1+ 45. Kd4 Rxd2+
46. Kxc4 Rxe4+ 47. Kc3 Rf2 48. Rxf7 Rf3+ 49. Kd2 Rxa3 50. Rf6 Kg7 51. Rxc6 Rxf4
52. e6 Rf2+ 53. Ke1 Rb2 54. Rc1 Rh3 55. Rc7+ Kf6 56. Rf7+ Kxe6 57. Rf2 Rh1+ 58.
Rf1 Rb1+ 59. Ke2 Rhxf1 60. b5 Rxb5 61. Kxf1 Rb2 62. Ke1 Ke5 63. Kd1 Kd4 64. Kc1
Rh2 65. Kd1 Ke3 66. Kc1 Kd3 67. Kb1 Kc3 68. Ka1 Kb3 0-1

[Event "Znojmo op-A"]
[Site "Znojmo"]
[Date "1997.??.??"]
[Round "?"]
[White "Vlacil, Vladimir"]
[Black "Jandovsky, Viktor"]
[Result "1/2-1/2"]
[WhiteElo "1985"]
[BlackElo "2150"]
[PlyCount "53"]
[EventDate "1997.??.??"]
[Source "ChessBase"]
[SourceDate "1997.11.17"]

1. e4 c5 2. Bc4 e6 3. Qe2 Nc6 4. c3 d6 5. Nf3 Nf6 6. O-O Be7 7. d4 cxd4 8. Nxd4
O-O 9. Bb3 Bd7 10. Nd2 a6 11. Re1 Qc7 12. N2f3 Rfe8 13. Bg5 Rad8 14. Rad1 b5
15. h3 Na5 16. Bc2 Nc4 17. Bb1 Bc8 18. Bc1 Bb7 19. e5 dxe5 20. Nxe5 Nxe5 21.
Qxe5 Bd6 22. Qe2 Bf4 23. Bxf4 Qxf4 24. Qe5 Qxe5 25. Rxe5 g6 26. Ree1 Rd7 27.
Nb3 1/2-1/2

[Event "Znojmo op-A"]
[Site "Znojmo"]
[Date "1997.??.??"]
[Round "?"]
[White "Vlacil, Vladimir"]
[Black "Obrdlik, Rostislav"]
[Result "1/2-1/2"]
[WhiteElo "1985"]
[BlackElo "1970"]
[PlyCount "26"]
[EventDate "1997.??.??"]
[Source "ChessBase"]
[SourceDate "1997.11.17"]

1. e4 e5 2. Nf3 Nc6 3. Bb5 a6 4. Ba4 Nf6 5. O-O b5 6. Bb3 Bb7 7. Re1 Bc5 8. h3
d6 9. c3 h6 10. d4 Bb6 11. a4 O-O 12. axb5 axb5 13. Rxa8 Bxa8 1/2-1/2

[Event "Znojmo op-A"]
[Site "Znojmo"]
[Date "1997.??.??"]
[Round "?"]
[White "Vlacil, Vladimir"]
[Black "Tomes, Pavel"]
[Result "1/2-1/2"]
[WhiteElo "1985"]
[BlackElo "1920"]
[PlyCount "37"]
[EventDate "1997.??.??"]
[Source "ChessBase"]
[SourceDate "1997.11.17"]

1. d4 Nf6 2. c4 g6 3. Nf3 Bg7 4. g3 d6 5. Bg2 O-O 6. O-O Nbd7 7. Nc3 e5 8. d5
Nc5 9. Nd2 a5 10. Nb3 Nfd7 11. e4 f5 12. f3 b6 13. Be3 Ba6 14. Nxc5 Nxc5 15. b3
Bc8 16. Qc2 Bd7 17. Rad1 Qe7 18. Ne2 Rf7 19. Nc3 1/2-1/2

[Event "Znojmo op-A"]
[Site "Znojmo"]
[Date "1997.??.??"]
[Round "?"]
[White "Vlk, Miroslav"]
[Black "Bilek, Roman"]
[Result "0-1"]
[WhiteElo "1635"]
[BlackElo "1855"]
[PlyCount "124"]
[EventDate "1997.??.??"]
[Source "ChessBase"]
[SourceDate "1997.11.17"]

1. c4 Nf6 2. Nf3 e6 3. Nc3 d5 4. g3 d4 5. Nb5 c5 6. Bg2 a6 7. Na3 Nc6 8. O-O
Be7 9. Nc2 O-O 10. b4 cxb4 11. Bb2 e5 12. d3 Nd7 13. a3 bxa3 14. Bxa3 Bxa3 15.
Rxa3 Nc5 16. Qa1 Qe7 17. Nd2 Bg4 18. Re1 Rac8 19. Qb2 Rc7 20. Na1 Rd8 21. Nab3
Nxb3 22. Rxb3 Bc8 23. Ne4 f5 24. Nd2 Kh8 25. Rc1 Nb8 26. Qa2 Nd7 27. Rbb1 Nc5
28. Nb3 Nxb3 29. Qxb3 e4 30. Re1 e3 31. f4 h6 32. Qb6 Rd6 33. Qb4 Rf6 34. Qb2
Rd6 35. Qa2 g5 36. Rf1 g4 37. Rfc1 Rf6 38. Qc2 Qc5 39. Qd1 Kg7 40. Kh1 Rb6 41.
Rxb6 Qxb6 42. Rb1 Qd6 43. Qb3 h5 44. Bd5 Re7 45. Kg2 h4 46. Qb2 h3+ 47. Kg1 Qc5
48. Qb4 Qxb4 49. Rxb4 Rc7 50. Rb1 Kf6 51. Kf1 Ke7 52. Ke1 Kd6 53. Bh1 b5 54.
cxb5 axb5 55. Kd1 Bb7 56. Bxb7 Rxb7 57. Kc2 Kc5 58. Kb3 Kb6 59. Rc1 Rc7 60. Rb1
Rc3+ 61. Kb2 Kc5 62. Ra1 Kb4 0-1

[Event "Znojmo op-A"]
[Site "Znojmo"]
[Date "1997.??.??"]
[Round "?"]
[White "Vlk, Miroslav"]
[Black "Dolezal, Jiri"]
[Result "0-1"]
[WhiteElo "1635"]
[BlackElo "1820"]
[PlyCount "32"]
[EventDate "1997.??.??"]
[Source "ChessBase"]
[SourceDate "1997.11.17"]

1. Nf3 Nf6 2. d4 e6 3. Bg5 d5 4. e3 Nbd7 5. Bd3 a6 6. c4 dxc4 7. Bxc4 b5 8. Be2
Bb7 9. O-O Be7 10. Nc3 O-O 11. Rc1 Rc8 12. Nd2 c5 13. Bf3 Qb6 14. Bxb7 Qxb7 15.
Nf3 Rfe8 16. Qd2 b4 0-1

[Event "Znojmo op-A"]
[Site "Znojmo"]
[Date "1997.??.??"]
[Round "?"]
[White "Vlk, Miroslav"]
[Black "Malijevsky, Alexandr"]
[Result "0-1"]
[WhiteElo "1635"]
[BlackElo "1990"]
[PlyCount "48"]
[EventDate "1997.??.??"]
[Source "ChessBase"]
[SourceDate "1997.11.17"]

1. Nf3 f5 2. d4 Nf6 3. c4 d6 4. Nc3 g6 5. e3 Bg7 6. Be2 O-O 7. O-O Nc6 8. Re1
e5 9. d5 Ne7 10. Nd2 g5 11. Nf1 Ng6 12. b4 f4 13. e4 g4 14. f3 g3 15. hxg3 Nh5
16. gxf4 exf4 17. Bb2 Qh4 18. Na4 Bxb2 19. Nxb2 Ng3 20. Bd3 Qh1+ 21. Kf2 Nh4
22. Ne3 fxe3+ 23. Kxg3 Qxg2+ 24. Kxh4 Rf4+ 0-1

[Event "Znojmo op-A"]
[Site "Znojmo"]
[Date "1997.??.??"]
[Round "?"]
[White "Vlk, Miroslav"]
[Black "Martinec, Karel"]
[Result "1/2-1/2"]
[WhiteElo "1635"]
[BlackElo "1960"]
[PlyCount "41"]
[EventDate "1997.??.??"]
[Source "ChessBase"]
[SourceDate "1997.11.17"]

1. c4 Nf6 2. d4 e6 3. Nc3 d5 4. Nf3 Be7 5. Bg5 O-O 6. g3 b6 7. Bg2 Bb7 8. O-O
Nbd7 9. Rc1 Rc8 10. e3 c5 11. cxd5 exd5 12. Ne5 Ne4 13. Bxe7 Qxe7 14. Nxe4 Nxe5
15. Nc3 cxd4 16. Qxd4 Rfd8 17. Rfd1 h6 18. b3 Qe6 19. Qd2 Rd7 20. Nb5 Rxc1 21.
Rxc1 1/2-1/2

[Event "Znojmo op-A"]
[Site "Znojmo"]
[Date "1997.??.??"]
[Round "?"]
[White "Zboril, Tomas"]
[Black "Bilek, Roman"]
[Result "1-0"]
[WhiteElo "1965"]
[BlackElo "1855"]
[PlyCount "101"]
[EventDate "1997.??.??"]
[Source "ChessBase"]
[SourceDate "1997.11.17"]

1. e4 e5 2. Nf3 Nc6 3. Bb5 a6 4. Ba4 Nf6 5. O-O Be7 6. Re1 b5 7. Bb3 O-O 8. a4
b4 9. d3 d6 10. c3 Rb8 11. Nbd2 Na5 12. Bc2 c5 13. cxb4 Rxb4 14. b3 h6 15. h3
Be6 16. Nc4 Bxc4 17. bxc4 Nd7 18. g4 Bg5 19. Nxg5 hxg5 20. Kg2 Nc6 21. Bd2 Rb7
22. Rh1 a5 23. h4 gxh4 24. g5 g6 25. Rxh4 Kg7 26. Qg4 Rh8 27. Rah1 Rxh4 28.
Qxh4 Kf8 29. Bd1 Rb1 30. Bg4 Rxh1 31. Qxh1 Ke7 32. Qh3 Nb4 33. Kf1 Nb6 34. f4
exf4 35. Bc3 Qf8 36. Bf6+ Ke8 37. Ke2 Nc6 38. Bc8 Nd4+ 39. Kf2 Nc6 40. Ba6 Na7
41. Qh6 Nxa4 42. Qh1 Kd7 43. Qb1 Qa8 44. Qb3 Qc6 45. Bb7 Qb6 46. Qxa4+ Nc6 47.
Qxc6+ Qxc6 48. Bxc6+ Kxc6 49. Kf3 a4 50. Kxf4 a3 51. Bc3 1-0

[Event "Znojmo op-A"]
[Site "Znojmo"]
[Date "1997.??.??"]
[Round "?"]
[White "Zboril, Tomas"]
[Black "Hadac, Pavel Sr"]
[Result "0-1"]
[WhiteElo "1965"]
[BlackElo "1920"]
[PlyCount "63"]
[EventDate "1997.??.??"]
[Source "ChessBase"]
[SourceDate "1997.11.17"]

1. e4 e5 2. Nf3 Nc6 3. Bb5 a6 4. Ba4 Nf6 5. O-O b5 6. Bb3 Be7 7. Re1 O-O 8. c3
d5 9. exd5 Nxd5 10. Nxe5 Nxe5 11. Rxe5 c6 12. d4 Bd6 13. Re1 Qh4 14. g3 Qh3 15.
Qf3 Bg4 16. Qg2 Qh5 17. Bd2 Bf3 18. Qf1 Rae8 19. Na3 Bf4 20. Rxe8 Rxe8 21. Re1
Re6 22. Rxe6 fxe6 23. c4 Bxd2 24. cxd5 exd5 25. Bc2 Be2 26. Qg2 Bc1 27. Nb1
Bxb2 28. Nd2 Bxd4 29. Nb3 Bb6 30. h3 Bf3 31. Qf1 Qe5 32. Kh2 0-1

[Event "Znojmo op-A"]
[Site "Znojmo"]
[Date "1997.??.??"]
[Round "?"]
[White "Zboril, Tomas"]
[Black "Nekula, Richard"]
[Result "1/2-1/2"]
[WhiteElo "1965"]
[BlackElo "2020"]
[PlyCount "74"]
[EventDate "1997.??.??"]
[Source "ChessBase"]
[SourceDate "1997.11.17"]

1. e4 e5 2. Nf3 Nc6 3. Bc4 d6 4. Nc3 Be7 5. h3 Nf6 6. d4 O-O 7. Be3 a6 8. a3
Rb8 9. O-O b5 10. Be2 b4 11. axb4 Rxb4 12. b3 exd4 13. Nxd4 Nxd4 14. Bxd4 c5
15. Be3 Nxe4 16. Nd5 Bf6 17. Nxf6+ Qxf6 18. Bxa6 Be6 19. Bd3 Ng5 20. Qh5 Nxh3+
21. gxh3 g6 22. Qg5 Qf3 23. Qg3 Qh5 24. Kg2 Bxh3+ 25. Qxh3 Rg4+ 26. Qg3 Re8 27.
Rfe1 Re6 28. f3 Rxg3+ 29. Kxg3 d5 30. Bf4 g5 31. Be5 Qh4+ 32. Kg2 Rxe5 33. Rxe5
Qf4 34. Rae1 g4 35. fxg4 Qxg4+ 36. Kf2 Qf4+ 37. Kg2 Qg4+ 1/2-1/2

[Event "Znojmo op-A"]
[Site "Znojmo"]
[Date "1997.??.??"]
[Round "?"]
[White "Zboril, Tomas"]
[Black "Vlk, Miroslav"]
[Result "1-0"]
[WhiteElo "1965"]
[BlackElo "1635"]
[PlyCount "37"]
[EventDate "1997.??.??"]
[Source "ChessBase"]
[SourceDate "1997.11.17"]

1. e4 e6 2. d4 d5 3. Nc3 dxe4 4. Nxe4 Nd7 5. Nf3 Ngf6 6. Bd3 Be7 7. O-O O-O 8.
Re1 b6 9. Ne5 Bb7 10. Ng5 c5 11. Qe2 cxd4 12. Nexf7 Rxf7 13. Qxe6 Bd5 14. Nxf7
Bxe6 15. Nxd8 Rxd8 16. Rxe6 Kf7 17. Re2 Nc5 18. Bc4+ Kf8 19. Bf4 1-0

[Event "Znojmo op-A"]
[Site "Znojmo"]
[Date "1997.??.??"]
[Round "?"]
[White "Zboril, Tomas"]
[Black "Zeman, Jiri"]
[Result "1-0"]
[WhiteElo "1965"]
[BlackElo "1875"]
[PlyCount "79"]
[EventDate "1997.??.??"]
[Source "ChessBase"]
[SourceDate "1997.11.17"]

1. e4 e6 2. d4 d5 3. Nc3 dxe4 4. Nxe4 Nd7 5. Nf3 Ngf6 6. Bg5 Be7 7. Nxf6+ Nxf6
8. Bd3 O-O 9. Qe2 c5 10. dxc5 Qa5+ 11. c3 Qxc5 12. O-O Nd5 13. Qe4 g6 14. Qh4
Bxg5 15. Nxg5 Nf6 16. Rad1 Kg7 17. Rfe1 h6 18. Nf3 Ng8 19. Ne5 Qe7 20. Qg3 Qf6
21. f4 Ne7 22. Be4 Nf5 23. Qf2 h5 24. Rd3 Rd8 25. Red1 Rxd3 26. Rxd3 Qh4 27. g3
Qe7 28. Qd2 Qc7 29. Rd8 Qb6+ 30. Kh1 Qa6 31. Kg2 Qb6 32. Nc4 Qc5 33. b3 Rb8 34.
Bxf5 exf5 35. Qd6 b6 36. Qxb8 Qc6+ 37. Kh3 Qb7 38. Rxc8 Qe4 39. Qe5+ Qxe5 40.
Nxe5 1-0

[Event "Znojmo op-A"]
[Site "Znojmo"]
[Date "1997.??.??"]
[Round "?"]
[White "Zdenek, Petr"]
[Black "Hadac, Pavel Sr"]
[Result "1-0"]
[WhiteElo "2145"]
[BlackElo "1920"]
[PlyCount "59"]
[EventDate "1997.??.??"]
[Source "ChessBase"]
[SourceDate "1997.11.17"]

1. c4 Nf6 2. Nc3 g6 3. e4 e5 4. g3 Bg7 5. Bg2 O-O 6. Nge2 d6 7. O-O Ne8 8. d4
Nc6 9. Be3 f5 10. d5 Ne7 11. Qd2 Nf6 12. Bg5 fxe4 13. Nxe4 Nxe4 14. Bxe4 Bh3
15. Bg2 Bxg2 16. Kxg2 Qd7 17. Bxe7 Qxe7 18. Nc3 Rf5 19. Ne4 h6 20. a4 Raf8 21.
f3 h5 22. h4 Bf6 23. Qd3 b6 24. a5 Qf7 25. axb6 axb6 26. Ra7 Qd7 27. Qe3 Rb8
28. Qh6 Re8 29. Qxg6+ Bg7 30. Ng5 1-0

[Event "Znojmo op-A"]
[Site "Znojmo"]
[Date "1997.??.??"]
[Round "?"]
[White "Zdenek, Petr"]
[Black "Vecera, Pavel"]
[Result "0-1"]
[WhiteElo "2145"]
[BlackElo "2160"]
[PlyCount "80"]
[EventDate "1997.??.??"]
[Source "ChessBase"]
[SourceDate "1997.11.17"]

1. c4 Nf6 2. Nc3 g6 3. e4 d6 4. g3 Bg7 5. Bg2 O-O 6. Nge2 e5 7. O-O Nc6 8. d3
Bg4 9. f3 Be6 10. Be3 Qd7 11. Qd2 Nh5 12. Rac1 Nd4 13. f4 c6 14. Rf2 Nxe2+ 15.
Qxe2 exf4 16. gxf4 Nf6 17. Bf3 Ng4 18. Rg2 Nxe3 19. Qxe3 Rfe8 20. Qd2 f5 21.
Ne2 Qf7 22. b3 Rad8 23. Kh1 Rf8 24. Rf2 Bh6 25. Bg2 Qf6 26. Rcf1 Rf7 27. a4
Rdf8 28. b4 fxe4 29. Bxe4 Bh3 30. Rg1 Qh4 31. Qe3 Bd7 32. Qxa7 Bg4 33. Qe3 Bxe2
34. Qxe2 Bxf4 35. b5 Be5 36. Rxf7 Rxf7 37. Rg2 Rf4 38. bxc6 bxc6 39. Bxc6 Qf6
40. Be4 Rf1+ 0-1

[Event "Znojmo op-A"]
[Site "Znojmo"]
[Date "1997.??.??"]
[Round "?"]
[White "Zdenek, Petr"]
[Black "Zboril, Tomas"]
[Result "1-0"]
[WhiteElo "2145"]
[BlackElo "1965"]
[PlyCount "79"]
[EventDate "1997.??.??"]
[Source "ChessBase"]
[SourceDate "1997.11.17"]

1. c4 Nf6 2. Nc3 e6 3. e4 d6 4. d4 Nbd7 5. Nf3 c5 6. Be2 a6 7. O-O Qc7 8. Re1
Be7 9. Bf1 cxd4 10. Nxd4 O-O 11. Bg5 b6 12. Bh4 Bb7 13. Bg3 Rfe8 14. Rc1 Rad8
15. Rc2 Bf8 16. f3 Rc8 17. h3 Ba8 18. Rd2 Red8 19. Nc2 Ne5 20. Ne3 Qb8 21. a4
Nc6 22. Bh2 Be7 23. Kh1 Na7 24. Qe2 Nd7 25. Red1 Nc5 26. b4 Nb7 27. Na2 Nc6 28.
Qf2 Qc7 29. Bg1 a5 30. bxa5 Ncxa5 31. Nc3 Nc5 32. Nb5 Qb8 33. Ra2 Bc6 34. Rb1
Bf6 35. Ng4 Be7 36. Qb2 Qa8 37. Bd4 Bf8 38. Bxc5 dxc5 39. e5 Qb7 40. Ne3 1-0

[Event "Znojmo op-A"]
[Site "Znojmo"]
[Date "1997.??.??"]
[Round "?"]
[White "Zeman, Jiri"]
[Black "Fuchs, Ludek"]
[Result "1-0"]
[WhiteElo "1875"]
[BlackElo "1840"]
[PlyCount "33"]
[EventDate "1997.??.??"]
[Source "ChessBase"]
[SourceDate "1997.11.17"]

1. d4 d5 2. Nf3 Nf6 3. e3 Bf5 4. Bd3 Ne4 5. Nh4 e6 6. Nxf5 exf5 7. O-O Nd7 8.
Nd2 g5 9. f3 Nd6 10. e4 dxe4 11. fxe4 f4 12. e5 Nc8 13. Ne4 Bg7 14. Qh5 Ndb6
15. Nxg5 Qxd4+ 16. Kh1 Qxe5 17. Qxf7+ 1-0

[Event "Znojmo op-A"]
[Site "Znojmo"]
[Date "1997.??.??"]
[Round "?"]
[White "Zeman, Jiri"]
[Black "Krouzel, Jaroslav"]
[Result "0-1"]
[WhiteElo "1875"]
[BlackElo "2315"]
[PlyCount "84"]
[EventDate "1997.??.??"]
[Source "ChessBase"]
[SourceDate "1997.11.17"]

1. d4 f5 2. Nc3 Nf6 3. Bg5 d5 4. e3 e6 5. Nf3 Be7 6. Ne5 O-O 7. Bd3 Nbd7 8.
Nxd7 Bxd7 9. Ne2 c5 10. c3 c4 11. Bc2 b5 12. a3 a5 13. O-O Qb6 14. f3 h6 15.
Bf4 Bc6 16. Bg3 b4 17. axb4 axb4 18. Ba4 Ra6 19. Bxc6 Qxc6 20. Rxa6 Qxa6 21.
Nf4 Kf7 22. e4 g5 23. Nh3 dxe4 24. fxe4 Nxe4 25. Qh5+ Kg7 26. Be5+ Bf6 27.
Bxf6+ Nxf6 28. Qe2 bxc3 29. bxc3 Ne4 30. Qe3 Qa3 31. Rc1 Qb2 32. d5 exd5 33.
Qa7+ Kg6 34. Ra1 Qxc3 35. Ra6+ Rf6 36. Ra1 Qe5 37. Qa8 c3 38. Qg8+ Kh5 39. Rf1
c2 40. Qc8 Qc3 41. Qe8+ Rg6 42. Nf2 c1=Q 0-1

[Event "Znojmo op-A"]
[Site "Znojmo"]
[Date "1997.??.??"]
[Round "?"]
[White "Zeman, Jiri"]
[Black "Vesely, Martin"]
[Result "0-1"]
[WhiteElo "1875"]
[BlackElo "1860"]
[PlyCount "102"]
[EventDate "1997.??.??"]
[Source "ChessBase"]
[SourceDate "1997.11.17"]

1. Nf3 d5 2. b3 Nf6 3. Bb2 e6 4. c4 Be7 5. g3 O-O 6. d3 c5 7. Bg2 d4 8. O-O Qc7
9. Nbd2 Nc6 10. Rc1 a5 11. a3 e5 12. e3 Bf5 13. e4 Bg4 14. h3 Bd7 15. Ne1 g6
16. Kh2 Nh5 17. Ndf3 Ng7 18. Rb1 Ne6 19. Bc1 g5 20. Ng1 f6 21. Bd2 Kg7 22. Nc2
Rh8 23. Rb2 Ra7 24. Qe2 Rha8 25. Rfb1 Qc8 26. Qd1 Qh8 27. b4 axb4 28. axb4 cxb4
29. Nxb4 Bxb4 30. Bxb4 Nxb4 31. Rxb4 Bc6 32. Nf3 Nc5 33. Ne1 Ra3 34. Bf1 Na4
35. Qh5 Qc8 36. h4 gxh4 37. gxh4 Nc5 38. Bh3 Qe8 39. Qg4+ Qg6 40. Qf3 Kh8 41.
Bf1 Bxe4 42. Qg3 Qxg3+ 43. fxg3 Ra2+ 44. Kg1 Bc6 45. R4b2 Kg7 46. Bg2 Rxb2 47.
Rxb2 Ra1 48. Kf2 Bxg2 49. Nc2 Nxd3+ 50. Kxg2 Nxb2 51. Nxa1 d3 0-1

[Event "Znojmo op-A"]
[Site "Znojmo"]
[Date "1997.??.??"]
[Round "?"]
[White "Zeman, Jiri"]
[Black "Vlk, Miroslav"]
[Result "1-0"]
[WhiteElo "1875"]
[BlackElo "1635"]
[PlyCount "77"]
[EventDate "1997.??.??"]
[Source "ChessBase"]
[SourceDate "1997.11.17"]

1. d4 Nf6 2. Nf3 g6 3. h3 d5 4. Bf4 Bg7 5. e3 O-O 6. Bd3 e6 7. O-O c5 8. c3 Nc6
9. Nbd2 b6 10. Bh2 Bb7 11. Qe2 c4 12. Bc2 b5 13. a3 a5 14. e4 Ne7 15. e5 Nd7
16. Ng5 Nc6 17. f4 Qe7 18. Rae1 Rfb8 19. h4 h6 20. Ngf3 Nf8 21. g4 Bc8 22. f5
exf5 23. e6 Rb7 24. gxf5 f6 25. Bf4 g5 26. hxg5 hxg5 27. Bg3 Bh8 28. Nh2 b4 29.
Ng4 bxc3 30. bxc3 Bg7 31. Qh2 Nh7 32. Bd6 Qd8 33. Kg2 Bf8 34. Bxf8 Qxf8 35. Rh1
Rg7 36. Nh6+ Kh8 37. Nf7+ Kg8 38. Qh6 Nd8 39. e7 1-0

[Event "Znojmo op-B"]
[Site "Znojmo"]
[Date "1997.??.??"]
[Round "?"]
[White "Boucek, Vlastimil"]
[Black "Hadac, Pavel Jr"]
[Result "1/2-1/2"]
[WhiteElo "2015"]
[BlackElo "1695"]
[PlyCount "154"]
[EventDate "1997.??.??"]
[Source "ChessBase"]
[SourceDate "1997.11.17"]

1. e4 e5 2. f4 d5 3. exd5 c6 4. Qe2 cxd5 5. fxe5 Nc6 6. Nf3 Bg4 7. c3 Qc7 8.
Kd1 Rc8 9. Qf2 Bxf3+ 10. gxf3 Nxe5 11. Bb5+ Kd8 12. d4 Ng6 13. Re1 Be7 14. Rg1
Bd6 15. h4 h5 16. Bg5+ N8e7 17. Bd3 Ke8 18. Nd2 Kf8 19. Bxe7+ Nxe7 20. Qg2 g6
21. Rc1 Qd7 22. Kc2 Nf5 23. Kb1 Nxh4 24. Qf2 Nf5 25. f4 Re8 26. Rg5 Nh6 27.
Rxd5 Ng4 28. Qg1 Qc6 29. Be4 Rxe4 30. Rxd6 Qxd6 31. Nxe4 Qxf4 32. Nc5 Kg7 33.
Rf1 Qc7 34. Re1 b6 35. Nd3 Qd7 36. Ka1 Re8 37. Rxe8 Qxe8 38. Qd1 Qe4 39. a4 Ne3
40. Qe2 Qh1+ 41. Ka2 Qd5+ 42. b3 Qg2 43. Qxg2 Nxg2 44. d5 h4 45. c4 h3 46. Nf2
h2 47. a5 Kf6 48. Ng4+ Ke7 49. Nxh2 Kd6 50. Ka3 Kc5 51. Nf3 f6 52. Nd2 f5 53.
b4+ Kd6 54. Ka4 Ne1 55. axb6 axb6 56. Kb5 Nd3 57. Nf3 f4 58. Ng5 Ne5 59. Ne4+
Ke7 60. c5 bxc5 61. bxc5 f3 62. Kb4 Nd3+ 63. Kc4 f2 64. Ng3 Nf4 65. Nf1 Kd7 66.
Kd4 g5 67. Ke4 Kc7 68. Ne3 Ne2 69. Nf1 Nf4 70. Nd2 Kd7 71. Ke5 Nd3+ 72. Kd4 Nf4
73. c6+ Kc7 74. Kc5 Nd3+ 75. Kd4 Nb4 76. Kc5 Nd3+ 77. Kd4 Nb4 1/2-1/2

[Event "Znojmo op-B"]
[Site "Znojmo"]
[Date "1997.??.??"]
[Round "?"]
[White "Boucek, Vlastimil"]
[Black "Korger, Petr"]
[Result "1/2-1/2"]
[WhiteElo "2015"]
[BlackElo "1695"]
[PlyCount "100"]
[EventDate "1997.??.??"]
[Source "ChessBase"]
[SourceDate "1997.11.17"]

1. e4 e5 2. f4 d6 3. Nf3 Bg4 4. Bc4 Nf6 5. d3 Nc6 6. h3 Bxf3 7. Qxf3 Nd4 8. Qf2
b5 9. Bb3 a5 10. c3 Nxb3 11. axb3 Be7 12. O-O O-O 13. Na3 c6 14. Nc2 Nd7 15.
Ne3 exf4 16. Nf5 Nc5 17. Bxf4 Nxd3 18. Qg3 g6 19. Nxe7+ Qxe7 20. Qxd3 Rfd8 21.
Rad1 d5 22. e5 a4 23. b4 a3 24. bxa3 Rxa3 25. Qd4 Rda8 26. Bc1 Ra2 27. Rf6 Rc2
28. Rxc6 Raa2 29. Rc8+ Kg7 30. Bd2 Qe6 31. Rd8 Rxd2 32. Rxd2 Rxd2 33. Qxd2 Qb6+
34. Qd4 Qxd8 35. e6+ Kg8 36. Qc5 fxe6 37. Qxb5 Qf6 38. Qd3 Kf7 39. b5 Ke7 40.
Qe3 Kd6 41. Qb6+ Kd7 42. Qc6+ Kd8 43. b6 Qe5 44. Qa8+ Kd7 45. Qa4+ Kd8 46. Qa8+
Kd7 47. Qa7+ Kc6 48. b7 Qe1+ 49. Kh2 Qe5+ 50. Kh1 Qe1+ 1/2-1/2

[Event "Znojmo op-B"]
[Site "Znojmo"]
[Date "1997.??.??"]
[Round "?"]
[White "Boucek, Vlastimil"]
[Black "Kuric, Michal"]
[Result "0-1"]
[WhiteElo "2015"]
[BlackElo "1710"]
[PlyCount "96"]
[EventDate "1997.??.??"]
[Source "ChessBase"]
[SourceDate "1997.11.17"]

1. e4 e6 2. d3 d5 3. Qe2 dxe4 4. dxe4 b6 5. c3 Ba6 6. Qc2 Bxf1 7. Kxf1 Qd7 8.
g3 Nc6 9. f4 Rd8 10. Ke2 Nf6 11. Nf3 a5 12. Be3 Ng4 13. Bg1 Be7 14. h3 Nf6 15.
Nbd2 b5 16. Bf2 b4 17. c4 O-O 18. e5 Nh5 19. Ne4 f5 20. Rad1 fxe4 21. Rxd7
exf3+ 22. Ke1 Rxd7 23. Qe4 Nb8 24. Qxf3 g6 25. Be3 Rd3 26. Ke2 Rfd8 27. Qg4 Ng7
28. Rc1 Nf5 29. Bf2 Bc5 30. Bxc5 Rxg3 31. Bf2 Rxg4 32. hxg4 Nd4+ 33. Ke3 c5 34.
Bh4 Rd7 35. Bf2 Kf7 36. Rh1 Ke8 37. Ke4 Nbc6 38. Bh4 Nc2 39. Bf2 N6d4 40. Bh4
a4 41. Rh2 b3 42. axb3 axb3 43. Bf2 Ra7 44. Kd3 Rd7 45. Ke4 Kd8 46. Rh3 Kc7 47.
Kd3 Kc6 48. Rh6 Nf5+ 0-1

[Event "Znojmo op-B"]
[Site "Znojmo"]
[Date "1997.??.??"]
[Round "?"]
[White "Hadac, Pavel Jr"]
[Black "Hrabec, Karel"]
[Result "1-0"]
[WhiteElo "1695"]
[BlackElo "1750"]
[PlyCount "85"]
[EventDate "1997.??.??"]
[Source "ChessBase"]
[SourceDate "1997.11.17"]

1. e4 e5 2. Nf3 Nc6 3. Bb5 d6 4. d4 exd4 5. Nxd4 Bd7 6. O-O g6 7. Bxc6 bxc6 8.
Nc3 Bg7 9. Be3 Ne7 10. Qd2 a6 11. Bh6 O-O 12. Nce2 f5 13. Bxg7 Kxg7 14. Qc3 Kg8
15. Nf4 Qc8 16. exf5 Bxf5 17. Nxc6 Nxc6 18. Qxc6 Qd7 19. Qxd7 Bxd7 20. Nd5 c6
21. Nb6 Rad8 22. Rad1 Bf5 23. Nc4 Bxc2 24. Rxd6 Rxd6 25. Nxd6 Rd8 26. Nc4 Rb8
27. Rc1 Be4 28. b3 Bd5 29. f3 Kf8 30. Kf2 Re8 31. Ne3 Re6 32. Rc5 Rd6 33. Ra5
Ke7 34. Rxa6 Ke6 35. Ra5 Rd7 36. g3 h5 37. Nxd5 Rxd5 38. Rxd5 Kxd5 39. Ke3 g5
40. h4 gxh4 41. gxh4 Ke5 42. a4 c5 43. a5 1-0

[Event "Znojmo op-B"]
[Site "Znojmo"]
[Date "1997.??.??"]
[Round "?"]
[White "Hadac, Pavel Jr"]
[Black "Korger, Petr"]
[Result "1-0"]
[WhiteElo "1695"]
[BlackElo "1695"]
[PlyCount "63"]
[EventDate "1997.??.??"]
[Source "ChessBase"]
[SourceDate "1997.11.17"]

1. a3 a5 2. h3 b6 3. Nc3 Nf6 4. d3 e6 5. Bg5 Be7 6. Qd2 h6 7. Bh4 Nd5 8. Nxd5
Bxh4 9. Nc3 Nc6 10. Nf3 Bf6 11. e4 Nd4 12. Nxd4 Bxd4 13. O-O-O Bxc3 14. Qxc3
O-O 15. f4 c5 16. g4 d5 17. exd5 Qxd5 18. Rg1 b5 19. Bg2 b4 20. Bxd5 bxc3 21.
Bxa8 cxb2+ 22. Kxb2 Ba6 23. Be4 f5 24. gxf5 exf5 25. Rg6 Bb5 26. Bd5+ Kh8 27.
Rdg1 Rb8 28. Ka2 Ba4 29. Rxg7 Bxc2 30. R1g6 Bxd3 31. Rc7 Be4 32. Rxh6# 1-0

[Event "Znojmo op-B"]
[Site "Znojmo"]
[Date "1997.??.??"]
[Round "?"]
[White "Hrabec, Karel"]
[Black "Boucek, Vlastimil"]
[Result "0-1"]
[WhiteElo "1750"]
[BlackElo "2015"]
[PlyCount "110"]
[EventDate "1997.??.??"]
[Source "ChessBase"]
[SourceDate "1997.11.17"]

1. e4 d6 2. d4 Bd7 3. c4 e5 4. d5 a5 5. Nc3 Na6 6. Be3 g6 7. Bd3 Bh6 8. Qd2
Bxe3 9. Qxe3 f5 10. f4 exf4 11. Qxf4 Nc5 12. Bc2 g5 13. Qf3 Qe7 14. O-O-O f4
15. Re1 Nf6 16. h3 O-O-O 17. g3 fxg3 18. Qxg3 Nh5 19. Qe3 Nf4 20. Rh2 b6 21.
Nce2 Ng6 22. Nf3 h6 23. Ned4 Ne5 24. Nxe5 dxe5 25. Nb3 Nb7 26. Rf1 Rdf8 27.
Rhf2 Rf4 28. Bd1 a4 29. Nd2 Nc5 30. Bg4 Rhf8 31. Rf3 Qf7 32. b4 axb3 33. axb3
Bxg4 34. hxg4 Qe7 35. Kb2 Qd7 36. Rxf4 gxf4 37. Qh3 Kb8 38. Qxh6 Rg8 39. g5 Qg4
40. b4 Qe2 41. Kc2 Qd3+ 42. Kc1 Nxe4 43. Nxe4 Qxf1+ 44. Kc2 Qxc4+ 45. Nc3 Qxb4
46. Qe6 Qf8 47. Ne4 Qe8 48. Qf5 Qa4+ 49. Kb1 Qb3+ 50. Kc1 Qxd5 51. Nf6 Qc5+ 52.
Kb1 Qb4+ 53. Kc2 Qc4+ 54. Kb2 Rd8 55. Nd7+ Ka7 0-1